The patterns of migration and occupation in a South Gujarat village, (Record no. 87030)

MARC details
000 -LEADER
fixed length control field 00775cam a2200229 4500
001 - CONTROL NUMBER
control field sa 68016325
003 - CONTROL NUMBER IDENTIFIER
control field DLC
005 - DATE AND TIME OF LATEST TRANSACTION
control field 20260227112653.0
008 - FIXED-LENGTH DATA ELEMENTS--GENERAL INFORMATION
fixed length control field 700709s1964 ii a 00010 eng
010 ## - LIBRARY OF CONGRESS CONTROL NUMBER
LC control number sa 68016325 //r85
025 ## - OVERSEAS ACQUISITION NUMBER
Overseas acquisition number PL480:I-E-10195
050 0# - LIBRARY OF CONGRESS CALL NUMBER
Classification number HN690.G8
Item number D39
100 10 - MAIN ENTRY--PERSONAL NAME
Personal name Desai, Ishwarlal Pragji.
245 14 - TITLE STATEMENT
Title The patterns of migration and occupation in a South Gujarat village,
Statement of responsibility, etc. by Ishvarlal Pragji Desai.
250 ## - EDITION STATEMENT
Edition statement [1st ed.]
260 0# - PUBLICATION, DISTRIBUTION, ETC.
Place of publication, distribution, etc. Poona,
Name of publisher, distributor, etc. Deccan College Postgraduate and Research Institute,
Date of publication, distribution, etc. 1964.
300 ## - PHYSICAL DESCRIPTION
Extent 166 p.
Other physical details illus.
Dimensions 23 cm.
350 ## - PRICE (NR) (BK AM CF MU VM SE) [OBSOLETE]
Price 15.00
440 #0 - SERIES STATEMENT/ADDED ENTRY--TITLE
Title Deccan College building centenary and silver jubilee series ;
Volume/sequential designation 19
650 #0 - SUBJECT ADDED ENTRY--TOPICAL TERM
Topical term or geographic name entry element Villages
Geographic subdivision India
-- Gujarat
General subdivision Case studies.
650 #0 - SUBJECT ADDED ENTRY--TOPICAL TERM
Topical term or geographic name entry element Caste
Geographic subdivision India
-- Gujarat.

No items available.

Powered by Koha